00597 2200181 4500245005000000020002200050250001100072100001700083700001900100650002200119005001900141260003600160041001400196084001100210300002200221500016300243336000900406 aSeni Merencanakan SesuatucKarina NurinhText a978-623-244-807-0 aCet. 2 aKarina Nurin aHerman Adamson aPengembangan Diri a20241007143717 aJakartabPsikologi Cornerc2021 aIndonesia a155.25 a236 hlm. :cilus. aBuku ini berisi tentang membuat perencanaan yang matang, menyusun rencana secara rinci dan detail, mengeksekusi rencana dengan sempurna, menimalkan kegagalan. atext